|
|
|
|
| LEADER |
01206nam a22003374a 4500 |
| 001 |
EBC293982 |
| 003 |
MiAaPQ |
| 005 |
20200520144314.0 |
| 006 |
m o d | |
| 007 |
cr cn||||||||| |
| 008 |
011213s2002 ne a s 001 0 eng |
| 020 |
|
|
|z 0750675314 (alk. paper)
|
| 035 |
|
|
|a (MiAaPQ)EBC293982
|
| 035 |
|
|
|a (Au-PeEL)EBL293982
|
| 035 |
|
|
|a (CaPaEBR)ebr10186146
|
| 035 |
|
|
|a (CaONFJC)MIL105197
|
| 035 |
|
|
|a (OCoLC)171131324
|
| 040 |
|
|
|a MiAaPQ
|c MiAaPQ
|d MiAaPQ
|
| 050 |
|
4 |
|a TS192
|b .M624 2002
|
| 082 |
0 |
4 |
|a 658.2/02
|2 21
|
| 100 |
1 |
|
|a Mobley, R. Keith,
|d 1943-
|
| 245 |
1 |
3 |
|a An introduction to predictive maintenance
|h [electronic resource] /
|c R. Keith Mobley.
|
| 250 |
|
|
|a 2nd ed.
|
| 260 |
|
|
|a Amsterdam ;
|a New York :
|b Butterworth-Heinemann,
|c 2002.
|
| 300 |
|
|
|a xii, 438 p. :
|b ill.
|
| 500 |
|
|
|a Includes index.
|
| 533 |
|
|
|a Electronic reproduction. Ann Arbor, MI : ProQuest, 2016. Available via World Wide Web. Access may be limited to ProQuest affiliated libraries.
|
| 650 |
|
0 |
|a Plant maintenance
|x Management.
|
| 655 |
|
4 |
|a Electronic books.
|
| 710 |
2 |
|
|a ProQuest (Firm)
|
| 856 |
4 |
0 |
|u https://ebookcentral.proquest.com/lib/matrademy/detail.action?docID=293982
|z Click to View
|